000 00793nam a22001937a 4500
003 NALT
005 20240209142445.0
008 th tha d
040 _aNALT
041 _atha
090 _aKC 31 ค145ค
100 0 _aคมกริช วัฒนเสถียร
_96156
245 1 0 _aความรู้เบื้องต้นเกี่ยวกับกฎหมายทั่วไป ฉบับแก้ไขเพิ่มเติม /
_cคมกริช วัฒนเสถียร.
260 _aกรุงเทพฯ :
_bบัณฑิตไทย,
_cม.ป.ป..
300 _a38 หน้า ;
_b
_c27 ซม.
650 0 _aกฎหมาย
_xรวมเรื่อง
_99190
850 _aNALT
942 _cLB
_2local
999 _c15964
_d15964
998 _j4576
_k นักศึกษาฝึกงาน-02